| 000 | 00393nam a22001577a 4500 | ||
|---|---|---|---|
| 005 | 20250604132527.0 | ||
| 008 | 250604b |||||||| |||| 00| 0 eng d | ||
| 020 | _a9780853647522 | ||
| 050 |
_aBT199 _bWIL |
||
| 100 | _aWILKINS J. MICHAEL | ||
| 245 | _aJESU UNDER FIRE | ||
| 260 |
_aMICHIGAN _bPATERNOSTER PRESS _cc1984 |
||
| 300 | _aiv, 243p | ||
| 700 | _aMORELAND J. P. | ||
| 942 |
_2lcc _cBK _n0 |
||
| 999 |
_c6263 _d6263 |
||